| 000 | 00630nam a2200193 a 4500 | ||
|---|---|---|---|
| 001 | 1905 | ||
| 005 | 20140414131921.0 | ||
| 008 | 020516s19uu xx 00 eng d | ||
| 020 | _a0-590-61746-X | ||
| 050 |
_aER _bSu6 1992 |
||
| 100 | _aSchweninger, Ann | ||
| 245 |
_aSummertime : _blet's look at the seasons / _cby Ann Schweninger. |
||
| 260 |
_aNew York : _bScholastic Inc, _c1992. |
||
| 300 | _a[27] p. ; ill. | ||
| 520 | _aIt's Hot! What do you do in the summer? Go to the beach? Sit in the shade? Make ice pops? run from the rain? | ||
| 650 |
_aSummer _xFiction |
||
| 650 |
_aChildren stories _xFiction |
||
| 999 |
_c111745 _d111745 |
||